De la Seine au Camú (Record no. 7715)

MARC details
000 -LEADER
campo de control de longitud fija 00394nam a2200145Ia 4500
001 - NÚMERO DE CONTROL
campo de control 653
008 - DATOS DE LONGITUD FIJA--INFORMACIÓN GENERAL
campo de control de longitud fija 241024s9999 xx 000 0 und d
020 ## - NÚMERO INTERNACIONAL ESTÁNDAR DEL LIBRO
Número Internacional Estándar del Libro 978-9945-427-57-8
082 ## - NÚMERO DE LA CLASIFICACIÓN DECIMAL DEWEY
Número de clasificación RD/864.44/R426de
100 ## - ENTRADA PRINCIPAL--NOMBRE DE PERSONA
Nombre de persona República Dominicana.Secretaría de Estado de Cultura
245 #0 - MENCIÓN DEL TÍTULO
Título De la Seine au Camú
260 ## - PUBLICACIÓN, DISTRIBUCIÓN, ETC.
Nombre del editor, distribuidor, etc. Ed. Nacional
Fecha de publicación, distribución, etc. 2009
901 ## - ELEMENTOS DE DATOS A LOCAL LDA (RLIN)
a 24/11/2010 11:37:22 a.m.

No items available.

© 2024. Todos los Derechos Reservados. Desarrollado por IDEICE